000 00594nam a2200229Ia 4500
003 OSt
005 20220924144316.0
006 a|||||r|||| 00| 0
007 ta
008 220923b |||||||| |||| 00| 0 urd d
024 _a313462
037 _cTextual
040 _aARTS
_cARTS
_burd
041 _2urd
_aurd
082 _aO168,1M93x, L9
100 _aDaryabadi Hakim Abdul Qawi
_9217433
245 0 _aTaghazul-e-Majidi
260 _c1979
650 _aURDU POETRY
942 _hO168,1M93x, L9
_cTEXL
_2CC
999 _c456696
_d456696